[Event "37th ECC Open 2022"]
[Site "Mayrhofen AUT"]
[Date "2022.10.04"]
[Round "2.1"]
[Board "1"]
[White "Rapport, Richard"]
[Black "Nemeth, Miklos1"]
[Result "1-0"]
[WhiteTitle "GM"]
[BlackTitle "IM"]
[WhiteElo "2754"]
[BlackElo "2459"]
[WhiteTeam "CSU ASE Superbet"]
[BlackTeam "SK Dunajska Streda "]
[WhiteFideId "738590"]
[BlackFideId "720232"]
[EventDate "2022.10.03"]

1. d4 Nf6 2. Bg5 Ne4 3. Bf4 e6 4. Nd2 Nxd2 5. Qxd2 d5 6. O-O-O Bd6 7. h4 Nc6 8.
h5 Bd7 9. Nf3 Qe7 10. e3 O-O-O 11. Kb1 f6 12. Bd3 Nb4 13. Be2 Kb8 14. Rh4 Nc6
15. a3 g5 16. hxg6 hxg6 17. Bxd6 cxd6 18. Rdh1 Rxh4 19. Rxh4 g5 20. Rh2 Qg7 21.
Bb5 Rh8 22. Bxc6 Bxc6 23. Qb4 Kc7 24. Qa5+ Kb8 25. b3 b6 26. Rxh8+ Qxh8 27. Qe1
Kc7 28. Qg1 Be8 29. Qh2 Qg7 30. Ng1 Bg6 31. Ne2 Be8 32. Nc3 Bc6 33. Kb2 f5 34.
Qh3 g4 35. Qh5 Bd7 36. g3 a6 37. a4 Kb7 38. Qh4 Kc8 39. Qh1 Bc6 40. Na2 a5 41.
Nc3 Kb7 42. Qh5 Bd7 43. Qh4 Kc7 44. Ne2 b5 45. axb5 Bxb5 46. Nf4 Bd7 47. Ka3 a4
48. Kb2 Qf8 49. Qh7 Kc6 50. Qh1 Qb8 51. Qe1 Qb5 52. Qc3+ Kb7 53. Nd3 Qb6 54. Ka3
axb3 55. cxb3 Qb5 56. Qb4 Kc6 57. Qxb5+ Kxb5 58. Kb2 Bc8 59. Kc3 Bd7 60. Ne1 Ka5
61. f3 gxf3 62. Nxf3 Kb5 63. Ng5 e5 64. Nf7 e4 65. Nxd6+ Kc6 66. Nf7 Kb5 67. Ng5
Be8 68. Ne6 Bd7 69. Nc7+ Kc6 70. Na6 Kb5 71. Nb4 Be6 72. Na2 Bd7 73. Kb2 Bc6 74.
Ka3 Ka5 75. Nc3 1-0

[Event "37th ECC Open 2022"]
[Site "Mayrhofen AUT"]
[Date "2022.10.04"]
[Round "2.1"]
[Board "2"]
[White "Bokros, Albert"]
[Black "Deac, Bogdan-Daniel"]
[Result "0-1"]
[WhiteTitle "IM"]
[BlackTitle "GM"]
[WhiteElo "2453"]
[BlackElo "2707"]
[WhiteTeam "SK Dunajska Streda "]
[BlackTeam "CSU ASE Superbet"]
[WhiteFideId "710458"]
[BlackFideId "1226380"]
[EventDate "2022.10.03"]

1. e4 e6 2. d4 d5 3. Bd3 dxe4 4. Bxe4 Nf6 5. Bf3 Nc6 6. c3 Bd6 7. Ne2 O-O 8. O-O
e5 9. Bxc6 bxc6 10. Bg5 h6 11. Bh4 e4 12. Bg3 Re8 13. Nd2 Ba6 14. Re1 Rb8 15. b3
e3 16. fxe3 Rxe3 17. Nf1 Re6 18. Bxd6 Qxd6 19. Neg3 Rbe8 20. Rxe6 Rxe6 21. Qf3
g6 22. Rd1 h5 23. c4 Bc8 24. h3 h4 25. Ne2 Ne4 26. Nc3 Nxc3 27. Qxc3 Re4 28. Qd2
Qe7 29. Qa5 Bf5 30. Qc3 Qg5 31. Qd2 Qe7 32. Qc3 Re2 33. Rd2 Re1 34. Qf3 Qd6 35.
Kf2 Re4 36. Qc3 Qf6 37. Kg1 c5 38. Qa5 cxd4 39. Qxc7 Re1 40. Qf4 d3 41. Rxd3
Qb6+ 42. c5 Qxc5+ 43. Qd4 Qb6 44. Rd2 Qxd4+ 45. Rxd4 Ra1 46. Rd2 Kg7 47. Kf2 g5
48. Ne3 Be6 49. Nd1 f5 50. Nc3 g4 51. hxg4 fxg4 52. Ne4 Bf5 53. Nd6 Bg6 54. Nb5
Kf6 55. Rd6+ Kg5 56. Rd5+ Kh6 57. Rd2 g3+ 58. Kf3 Bh5+ 59. Ke3 Re1+ 60. Kf4 Rf1+
61. Ke3 h3 62. gxh3 Rf3+ 63. Ke4 Rf2 64. Rd6+ Kg5 65. Rd5+ Kh4 66. Rd8 g2 67.
Rg8 Kxh3 68. Nd4 Bg4 0-1

[Event "37th ECC Open 2022"]
[Site "Mayrhofen AUT"]
[Date "2022.10.04"]
[Round "2.1"]
[Board "3"]
[White "Gukesh, D"]
[Black "Varga, Zoltan"]
[Result "1-0"]
[WhiteTitle "GM"]
[BlackTitle "GM"]
[WhiteElo "2732"]
[BlackElo "2401"]
[WhiteTeam "CSU ASE Superbet"]
[BlackTeam "SK Dunajska Streda "]
[WhiteFideId "46616543"]
[BlackFideId "700509"]
[EventDate "2022.10.03"]

1. e4 d5 2. exd5 Qxd5 3. Nc3 Qa5 4. d4 Nf6 5. Nf3 Bf5 6. Ne5 c6 7. Bc4 e6 8. g4
Be4 9. O-O Bd5 10. Nxd5 cxd5 11. Bd3 Nc6 12. c3 Nxe5 13. dxe5 Nd7 14. Qe2 Qc7
15. f4 g6 16. Kh1 h5 17. f5 O-O-O 18. fxe6 fxe6 19. Rf7 hxg4 20. Bf4 Bh6 21. Bg3
Rdf8 22. Raf1 Rxf7 23. Rxf7 Rf8 24. Rh7 Bc1 25. Bb5 Rd8 26. Qc2 Be3 27. Qxg6 Qb6
28. Bxd7+ Rxd7 29. Rxd7 Kxd7 30. Qf7+ 1-0

[Event "37th ECC Open 2022"]
[Site "Mayrhofen AUT"]
[Date "2022.10.04"]
[Round "2.1"]
[Board "4"]
[White "Bagi, Mate"]
[Black "Nisipeanu, Liviu-Dieter"]
[Result "1/2-1/2"]
[WhiteTitle "IM"]
[BlackTitle "GM"]
[WhiteElo "2460"]
[BlackElo "2615"]
[WhiteTeam "SK Dunajska Streda "]
[BlackTeam "CSU ASE Superbet"]
[WhiteFideId "742570"]
[BlackFideId "1202758"]
[EventDate "2022.10.03"]

1. e4 e6 2. d4 d5 3. Nc3 Bb4 4. exd5 exd5 5. Bd3 Nc6 6. a3 Bxc3+ 7. bxc3 Nge7 8.
Qf3 Be6 9. Ne2 Qd7 10. h3 Bf5 11. O-O Bxd3 12. cxd3 Qf5 13. Qxf5 Nxf5 14. Bf4
O-O-O 15. Ng3 Nxg3 16. Bxg3 Rhe8 17. Rfe1 Rxe1+ 18. Rxe1 Kd7 19. Bf4 b5 20. Kf1
Rb8 21. Rb1 a5 22. Ke1 b4 23. axb4 axb4 24. Kd1 Ra8 25. Be3 Ra3 26. cxb4 Nxd4
27. Kd2 Ra2+ 28. Ke1 Ne6 29. h4 h5 30. g3 g6 31. b5 Ra8 32. Rb4 Kd6 33. Kd2 Ra2+
34. Kc3 Ke5 35. Kb3 Ra1 36. Bf4+ Kf5 37. Kb2 Ra8 38. Be3 Ke5 39. Bf4+ Kf5 40.
Be3 Rb8 41. Kc3 Ra8 42. Kb2 Rd8 43. Kc3 Ke5 44. Bd2 d4+ 45. Kc4 Ra8 46. b6 cxb6
47. Rb5+ Kf6 48. Rxb6 Ra2 49. Bf4 Rxf2 50. Kd5 Kf5 51. Be5 Ra2 52. Rb5 g5 53.
hxg5 Kxg5 54. Kd6 Kg6 55. Kd5 Re2 56. Bb8 Re3 57. Kc4 Rf3 58. Bd6 Ng7 59. Rb6
Nf5 60. Be5+ Kg5 61. Rb8 Kg4 62. Rg8+ Kh3 63. Rh8 Nxg3 64. Bxg3 Kxg3 65. Rxh5
Rf4 66. Rd5 f6 67. Rd6 f5 68. Rd5 Kg4 69. Re5 Kg5 70. Kd5 Rh4 71. Re8 Kg4 72.
Kxd4 Kg3+ 73. Ke5 f4 74. Rg8+ Rg4 75. Rf8 f3 76. d4 f2 77. d5 Rg5+ 78. Ke6 Kg2
79. d6 Rg6+ 80. Ke7 Rxd6 81. Kxd6 f1=Q 82. Rxf1 Kxf1 83. Kd5 1/2-1/2

[Event "37th ECC Open 2022"]
[Site "Mayrhofen AUT"]
[Date "2022.10.04"]
[Round "2.1"]
[Board "5"]
[White "Sargissian, Gabriel"]
[Black "Borhy, Marcell"]
[Result "1/2-1/2"]
[WhiteTitle "GM"]
[BlackTitle "IM"]
[WhiteElo "2711"]
[BlackElo "2400"]
[WhiteTeam "CSU ASE Superbet"]
[BlackTeam "SK Dunajska Streda "]
[WhiteFideId "13300881"]
[BlackFideId "770787"]
[EventDate "2022.10.03"]

1. d4 Nf6 2. c4 e6 3. Nc3 Bb4 4. Nf3 d5 5. Qa4+ Nc6 6. e3 O-O 7. Qc2 Re8 8. Bd2
Bf8 9. Be2 dxc4 10. Bxc4 a6 11. a3 h6 12. Rd1 b5 13. Bd3 Bb7 14. Ne4 Nd7 15. Ng3
Ne7 16. b4 f5 17. e4 fxe4 18. Bxe4 Bxe4 19. Nxe4 Nf5 20. O-O Nb6 21. Rfe1 Nc4
22. Bc1 a5 23. Nc5 Qd5 24. Re2 axb4 25. axb4 Ra1 26. Nb3 Ra4 27. Nc5 Ra1 28. Nb3
Ra4 29. Nc5 1/2-1/2

[Event "37th ECC Open 2022"]
[Site "Mayrhofen AUT"]
[Date "2022.10.04"]
[Round "2.1"]
[Board "6"]
[White "Csonka, Attila Istvan"]
[Black "Lupulescu, Constantin"]
[Result "0-1"]
[WhiteTitle "IM"]
[BlackTitle "GM"]
[WhiteElo "2314"]
[BlackElo "2603"]
[WhiteTeam "SK Dunajska Streda "]
[BlackTeam "CSU ASE Superbet"]
[WhiteFideId "716529"]
[BlackFideId "1207822"]
[EventDate "2022.10.03"]

1. e4 c5 2. Nf3 Nc6 3. d4 cxd4 4. Nxd4 Nf6 5. Nc3 d6 6. g3 g6 7. Bg2 Bg4 8. Nxc6
bxc6 9. Qd3 Qc8 10. e5 dxe5 11. Qc4 Bd7 12. b3 Bg7 13. Ba3 O-O 14. Bxe7 Re8 15.
Bxf6 Bxf6 16. Ne4 Be7 17. Nc5 Bxc5 18. Qxc5 Qa6 19. O-O-O Bg4 20. f3 Bf5 21. a4
Rad8 22. Rxd8 Rxd8 23. Rd1 Rd5 24. Rxd5 cxd5 25. Qxd5 Qb6 26. Qd1 Qf2 27. g4
Bxg4 28. fxg4 Qxg2 29. h4 h6 30. Qd8+ Kg7 31. g5 Qh1+ 32. Kb2 Qxh4 33. Qf6+ Kg8
34. Qd8+ Kh7 35. Qf8 Qd4+ 36. Kb1 Qg1+ 37. Kb2 Qd4+ 38. Kb1 hxg5 39. Qxf7+ Kh6
40. Qf8+ Kh5 41. Qh8+ Kg4 42. Qg7 Kf3 43. Qxg6 g4 44. Qf7+ Kg2 45. Qb7+ e4 46.
b4 g3 47. a5 Kf1 0-1

[Event "37th ECC Open 2022"]
[Site "Mayrhofen AUT"]
[Date "2022.10.04"]
[Round "2.2"]
[Board "1"]
[White "Pijpers, Arthur"]
[Black "Harikrishna, Pentala"]
[Result "1/2-1/2"]
[WhiteTitle "IM"]
[BlackTitle "GM"]
[WhiteElo "2455"]
[BlackElo "2717"]
[WhiteTeam "LSG Leiden 1"]
[BlackTeam "Novy Bor Chess club"]
[WhiteFideId "1019554"]
[BlackFideId "5007003"]
[EventDate "2022.10.03"]

1. e4 e5 2. Nf3 Nc6 3. Bb5 a6 4. Ba4 Nf6 5. O-O Be7 6. Re1 b5 7. Bb3 d6 8. c3
O-O 9. h3 Nb8 10. d4 Nbd7 11. c4 c6 12. Nc3 b4 13. Ne2 Nxe4 14. Qc2 Nef6 15. Ng3
c5 16. dxe5 Nxe5 17. Nxe5 dxe5 18. Rxe5 Bd6 19. Re2 Qc7 20. Bg5 Bxg3 21. fxg3
Qxg3 22. Bxf6 gxf6 23. Rf1 Qg5 24. Qe4 Be6 25. Bc2 f5 26. Qf4 Qxf4 27. Rxf4 Rfe8
28. Bxf5 Bxf5 29. Rxe8+ Rxe8 30. Rxf5 Re1+ 31. Kh2 Ra1 32. a3 bxa3 33. bxa3 Rxa3
34. Rxc5 Kg7 35. Rc6 f5 36. c5 Rc3 1/2-1/2

[Event "37th ECC Open 2022"]
[Site "Mayrhofen AUT"]
[Date "2022.10.04"]
[Round "2.2"]
[Board "2"]
[White "Vidit, Santosh Gujrathi"]
[Black "Jens, Jelmer"]
[Result "1-0"]
[WhiteTitle "GM"]
[BlackTitle "IM"]
[WhiteElo "2710"]
[BlackElo "2410"]
[WhiteTeam "Novy Bor Chess club"]
[BlackTeam "LSG Leiden 1"]
[WhiteFideId "5029465"]
[BlackFideId "1007394"]
[EventDate "2022.10.03"]

1. d4 f5 2. Bg5 g6 3. Nc3 Bg7 4. Nf3 Nf6 5. e3 d6 6. Bc4 Nc6 7. O-O Na5 8. Bd3
O-O 9. Qe2 h6 10. Bxf6 Bxf6 11. e4 e6 12. Rad1 Bg7 13. Rfe1 Bd7 14. exf5 gxf5
15. Qd2 Nc6 16. Bc4 d5 17. Bb5 Ne7 18. Bxd7 Qxd7 19. Ne2 Ng6 20. h4 Rfe8 21. h5
Nf8 22. Nf4 Nh7 23. Ne5 Bxe5 24. Rxe5 Ng5 25. Rde1 c6 26. Qe3 Kf7 27. Qd3 Ne4
28. f3 Ng5 29. c4 dxc4 30. Qxc4 Kf6 31. Qc3 Kf7 32. Qc4 Kf6 33. Ng6 Rad8 34. Rd1
Nf7 35. Qc3 Kg7 36. Re2 Kh7 37. b4 Qd6 38. a3 Qg3 39. Qe1 Qd6 40. f4 Qd7 41. Rd3
Nd6 42. a4 Nc4 43. Qh4 Qf7 44. b5 cxb5 45. axb5 Nd6 46. Rb2 Qg7 47. Kh2 Ne4 48.
Rc2 Nf6 49. Ne5 Rg8 50. Rdc3 Nd5 51. Rg3 Qxg3+ 52. Qxg3 Rxg3 53. Kxg3 Ra8 54.
Nd7 a5 55. bxa6 Rxa6 56. Rb2 Ra3+ 57. Kf2 Nxf4 58. Rxb7 Kg8 59. Nf6+ Kf8 60. Rh7
Ra2+ 61. Kf3 Nxg2 62. Nd7+ Ke8 63. Nc5 Ne1+ 64. Kf4 Re2 65. Rxh6 Kf7 66. Rh7+
Kg8 67. Rd7 Rc2 68. Nxe6 Rh2 69. Kxf5 Rxh5+ 70. Kg6 1-0

[Event "37th ECC Open 2022"]
[Site "Mayrhofen AUT"]
[Date "2022.10.04"]
[Round "2.2"]
[Board "3"]
[White "Van der Werf, Mark"]
[Black "Wojtaszek, Radoslaw"]
[Result "1/2-1/2"]
[WhiteTitle "IM"]
[BlackTitle "GM"]
[WhiteElo "2399"]
[BlackElo "2693"]
[WhiteTeam "LSG Leiden 1"]
[BlackTeam "Novy Bor Chess club"]
[WhiteFideId "1000470"]
[BlackFideId "1118358"]
[EventDate "2022.10.03"]

1. d4 Nf6 2. c4 e6 3. Nc3 Bb4 4. e3 O-O 5. Bd3 d5 6. Nf3 dxc4 7. Bxc4 c5 8. O-O
Nc6 9. Ne2 cxd4 10. Nexd4 Nxd4 11. Qxd4 Qxd4 12. Nxd4 Bd7 13. a3 Bc5 14. Rd1
Rfd8 15. b3 Rac8 16. Bb2 Kf8 17. Rac1 Ke7 18. h3 Ne4 19. Bd3 Nf6 20. Be2 Bd6 21.
Nb5 Bxb5 22. Bxb5 Rxc1 23. Rxc1 g6 24. Be2 Ne4 25. Rd1 Rc8 26. Rc1 Rxc1+ 27.
Bxc1 Be5 28. a4 b6 29. Bc4 Bc3 30. f3 Nd2 31. Bxd2 Bxd2 32. Kf2 Kd6 33. Ke2 Bc1
34. f4 h5 35. g4 hxg4 1/2-1/2

[Event "37th ECC Open 2022"]
[Site "Mayrhofen AUT"]
[Date "2022.10.04"]
[Round "2.2"]
[Board "4"]
[White "Nguyen, Thai Dai Van"]
[Black "Willemze, Thomas"]
[Result "1-0"]
[WhiteTitle "GM"]
[BlackTitle "IM"]
[WhiteElo "2634"]
[BlackElo "2367"]
[WhiteTeam "Novy Bor Chess club"]
[BlackTeam "LSG Leiden 1"]
[WhiteFideId "358878"]
[BlackFideId "1007238"]
[EventDate "2022.10.03"]

1. e4 c5 2. Nf3 Nc6 3. Bb5 g6 4. O-O Bg7 5. Bxc6 dxc6 6. d3 Nf6 7. Re1 O-O 8. h3
Ne8 9. e5 Nc7 10. Nbd2 b6 11. a4 Ne6 12. Nc4 Rb8 13. b3 h6 14. Bd2 Nd4 15. Nxd4
cxd4 16. Qc1 Kh7 17. Re4 Qd5 18. Rh4 h5 19. Re4 Bf5 20. Re2 b5 21. Na5 Rbc8 22.
Qe1 a6 23. Bg5 f6 24. Bf4 g5 25. Bh2 g4 26. h4 Rg8 27. Qd2 g3 28. Bxg3 Bh6 29.
Qe1 Bg4 30. exf6 Bxe2 31. Qxe2 exf6 32. Qe7+ Kg6 33. Qa7 Bd2 34. Nb7 Bc3 35. Rf1
bxa4 36. bxa4 Ra8 37. Qb6 Rg7 38. Nc5 f5 39. Bf4 Kh7 40. Bg5 a5 41. Na6 Qd6 42.
Rb1 Re8 43. Qc5 Qxc5 44. Nxc5 Bb4 45. Nb3 c5 46. Kf1 Rg6 47. Bd2 Reg8 48. Bxb4
cxb4 49. Nxa5 Ra6 50. Nb3 Rxa4 51. Nxd4 b3 52. c3 Rb8 53. Rxb3 Rxb3 54. Nxb3 Ra3
55. Nd4 Rxc3 56. Ke2 Kg6 57. Ne6 Kf6 58. Nf4 Ke5 59. Ke3 1-0

[Event "37th ECC Open 2022"]
[Site "Mayrhofen AUT"]
[Date "2022.10.04"]
[Round "2.2"]
[Board "5"]
[White "Piceu, Tom"]
[Black "Grandelius, Nils"]
[Result "0-1"]
[WhiteTitle "IM"]
[BlackTitle "GM"]
[WhiteElo "2324"]
[BlackElo "2651"]
[WhiteTeam "KBSK Brugge"]
[BlackTeam "Novy Bor Chess club"]
[WhiteFideId "201952"]
[BlackFideId "1710400"]
[EventDate "2022.10.03"]

1. d4 Nf6 2. Nf3 d5 3. e3 c5 4. Be2 cxd4 5. exd4 Nc6 6. O-O Bf5 7. c3 Qc7 8. Bd3
Bxd3 9. Qxd3 e6 10. Bg5 Ne4 11. Bh4 Bd6 12. Bg3 Nxg3 13. hxg3 O-O-O 14. a4 h5
15. Na3 Bxa3 16. Rxa3 Na5 17. Ne5 Kb8 18. Re1 Rh6 19. b4 Nc4 20. Nxc4 dxc4 21.
Qe4 Rd5 22. Ra2 Kc8 23. Rae2 Qd7 24. a5 a6 25. Re3 Rf6 26. Qh7 g6 27. Re5 Rf5
28. f4 Rdxe5 29. Rxe5 Rxe5 30. Qh8+ Kc7 31. Qxe5+ Qd6 32. Qf6 Qd7 33. Kf2 Kc6
34. Qe5 Qd5 35. Qb8 Kd7 36. Qf8 Qf5 37. Kg1 h4 38. gxh4 Qxf4 39. Qa8 Qe4 40. g3
Ke7 41. Qc8 Qe3+ 42. Kh2 Qxc3 43. Qxb7+ Kf6 44. Qxa6 Qc2+ 45. Kg1 Qd1+ 46. Kf2
Qxd4+ 47. Ke1 c3 48. Qf1+ Kg7 49. Qf4 Qg1+ 50. Ke2 c2 51. Qe5+ Kh7 52. Qf4 Qd1+
53. Kf2 Kg8 54. Qb8+ Kg7 55. Qe5+ Kh7 56. Qf4 c1=Q 57. Qxf7+ Kh6 0-1

[Event "37th ECC Open 2022"]
[Site "Mayrhofen AUT"]
[Date "2022.10.04"]
[Round "2.2"]
[Board "6"]
[White "Anton Guijarro, David"]
[Black "Wiersma, Eelke"]
[Result "1-0"]
[WhiteTitle "GM"]
[BlackTitle "IM"]
[WhiteElo "2655"]
[BlackElo "2299"]
[WhiteTeam "Novy Bor Chess club"]
[BlackTeam "LSG Leiden 2"]
[WhiteFideId "2285525"]
[BlackFideId "1002864"]
[EventDate "2022.10.03"]

1. c4 c6 2. Nf3 d5 3. e3 Nf6 4. Nc3 e6 5. b3 Nbd7 6. Qc2 Bd6 7. Bb2 O-O 8. Be2
Qe7 9. O-O e5 10. cxd5 Nxd5 11. Ne4 Bc7 12. Ng3 Re8 13. a3 Nf8 14. b4 a6 15.
Rac1 Ng6 16. Qb1 Bg4 17. h3 Bd7 18. Bc4 Bb8 19. Bb3 e4 20. Nd4 Nh4 21. Bc2 f5
22. Bb3 Kh8 23. Bxd5 cxd5 24. Rc5 Be6 25. Qd1 Bd6 26. Nxe6 Qxe6 27. Qh5 Bxc5 28.
bxc5 Qe7 29. Nxf5 Nxf5 30. Qxf5 Rad8 31. Bd4 Qd7 32. Qh5 Rf8 33. Rb1 Rc8 34. Qg4
Rf7 35. Qxd7 Rxd7 36. f4 exf3 37. gxf3 Rc6 38. f4 Kg8 39. Kg2 Rf7 40. d3 Rg6+
41. Kf3 Rh6 42. Rh1 g5 43. Be5 gxf4 44. exf4 Kf8 45. h4 Rh5 46. Kg4 Rhf5 47. h5
Ke8 48. Rb1 Kd8 49. Rb6 Kc8 50. Rd6 Rf8 51. Rxd5 R8f7 52. Rd6 Rf8 53. d4 R8f7
54. Rh6 Kd7 55. d5 Kc8 56. Rb6 Rf8 57. c6 bxc6 58. dxc6 Rxe5 59. fxe5 Kc7 60.
Rxa6 h6 61. e6 Rf6 62. e7 Re6 63. Kf5 1-0

[Event "37th ECC Open 2022"]
[Site "Mayrhofen AUT"]
[Date "2022.10.04"]
[Round "2.3"]
[Board "1"]
[White "Esipenko, Andrey"]
[Black "Baldauf, Marco"]
[Result "1-0"]
[WhiteTitle "GM"]
[BlackTitle "GM"]
[WhiteElo "2668"]
[BlackElo "2506"]
[WhiteTeam "Asnieres Le Grand Echiquier"]
[BlackTeam "Schach ohne Grenzen"]
[WhiteFideId "24175439"]
[BlackFideId "4688210"]
[EventDate "2022.10.03"]

1. e4 c5 2. Nf3 e6 3. d4 cxd4 4. Nxd4 a6 5. a3 Qc7 6. c4 Nf6 7. Nc3 b6 8. f4 d6
9. Bd3 g6 10. Be3 Bg7 11. O-O O-O 12. Rc1 Bb7 13. b4 Nbd7 14. Nb3 Rac8 15. Qe2
Qb8 16. a4 Ba8 17. Kh1 Rfe8 18. Bd2 h5 19. h3 Rc7 20. e5 dxe5 21. fxe5 Nh7 22.
Rxf7 Kxf7 23. Bxg6+ Kxg6 24. Qd3+ Kf7 25. Qxh7 Nxe5 26. Rf1+ Bf3 27. Bh6 Rg8 28.
Nd4 Qf8 29. Nxf3 Ke8 30. Bg5 Nxf3 31. Rxf3 Rf7 32. Qe4 1-0

[Event "37th ECC Open 2022"]
[Site "Mayrhofen AUT"]
[Date "2022.10.04"]
[Round "2.3"]
[Board "2"]
[White "Berchtenbreiter, Maximilian"]
[Black "Moussard, Jules"]
[Result "1/2-1/2"]
[WhiteTitle "IM"]
[BlackTitle "GM"]
[WhiteElo "2509"]
[BlackElo "2686"]
[WhiteTeam "Schach ohne Grenzen"]
[BlackTeam "Asnieres Le Grand Echiquier"]
[WhiteFideId "24641120"]
[BlackFideId "642908"]
[EventDate "2022.10.03"]

1. e4 c5 2. Nf3 d6 3. d4 cxd4 4. Nxd4 Nf6 5. Nc3 a6 6. Bg5 Nbd7 7. f4 Qc7 8. Qe2
e5 9. Nf5 h6 10. Bxf6 Nxf6 11. g3 Bxf5 12. exf5 O-O-O 13. O-O-O exf4 14. Bg2 d5
15. Nxd5 Nxd5 16. Bxd5 fxg3 17. Qf3 Bc5 18. hxg3 Kb8 19. Rd3 Rd6 20. Rb3 Rb6 21.
Rxb6 Bxb6 22. Re1 Rd8 23. a3 Rd7 24. Kb1 Ka7 25. g4 Bc5 26. Ka2 Bxa3 27. bxa3
Qxc2+ 28. Ka1 Rxd5 29. Qxd5 Qc3+ 30. Ka2 Qc2+ 31. Ka1 Qc3+ 32. Ka2 Qc2+ 1/2-1/2

[Event "37th ECC Open 2022"]
[Site "Mayrhofen AUT"]
[Date "2022.10.04"]
[Round "2.3"]
[Board "3"]
[White "Alekseenko, Kirill"]
[Black "Marcelin, Cyril"]
[Result "1-0"]
[WhiteTitle "GM"]
[BlackTitle "GM"]
[WhiteElo "2691"]
[BlackElo "2449"]
[WhiteTeam "Asnieres Le Grand Echiquier"]
[BlackTeam "Schach ohne Grenzen"]
[WhiteFideId "4135539"]
[BlackFideId "607274"]
[EventDate "2022.10.03"]

1. e4 c5 2. Nf3 g6 3. d4 cxd4 4. Nxd4 Bg7 5. c4 Nc6 6. Be3 Qb6 7. Nb5 Qa5+ 8.
N5c3 Nf6 9. Nd2 d6 10. Nb3 Qd8 11. Be2 O-O 12. O-O b6 13. Nd4 Bb7 14. Nxc6 Bxc6
15. f3 Nd7 16. Qd2 a5 17. Rac1 Nc5 18. Rfd1 Na4 19. Nxa4 Bxa4 20. b3 Bc6 21. Bf1
Qc7 22. Qf2 Rab8 23. a3 Qb7 24. b4 axb4 25. axb4 b5 26. c5 dxc5 27. Rxc5 Rfc8
28. h4 h5 29. Qg3 Kh7 30. Rdc1 Ra8 31. Kh2 Ra1 32. Qe1 Rxc1 33. Qxc1 Bd7 34.
Rxc8 Bxc8 35. Qc5 Bf6 36. Bxb5 Bxh4 37. Bc4 e6 38. b5 Be7 39. Qc6 Qxc6 40. bxc6
Bd6+ 41. Kg1 f6 42. Kf2 Kg7 43. Bb6 Kf7 44. Ke3 Ke7 45. Kd4 g5 46. Be2 h4 47.
Kc3 e5 48. Bf1 f5 49. Bf2 fxe4 50. fxe4 Be6 51. Ba6 Bc7 52. Kb4 h3 53. gxh3 Bxh3
54. Kc5 Be6 55. Be2 Bc8 56. Bc4 Bh3 57. Kb5 Bc8 58. Bc5+ Kd8 59. Be3 g4 60. Bg5+
Ke8 61. Bh4 Kf8 62. Kc5 Kg7 63. Be7 g3 64. Bf1 Ba6 65. Bg2 Kf7 66. Bh4 Kg6 67.
Bxg3 Kg5 68. Bh3 Bd3 69. Kd5 Bb5 70. Bd7 Kf6 71. Bh4+ Kf7 72. Be6+ Ke8 73. Bf6
Ba4 74. Bd7+ Kf7 75. Bxe5 Bb3+ 76. Kd4 Bb6+ 77. Kc3 Ba4 78. Bd6 1-0

[Event "37th ECC Open 2022"]
[Site "Mayrhofen AUT"]
[Date "2022.10.04"]
[Round "2.3"]
[Board "4"]
[White "Ciolek, Andreas"]
[Black "Movsesian, Sergei"]
[Result "0-1"]
[WhiteTitle "FM"]
[BlackTitle "GM"]
[WhiteElo "2301"]
[BlackElo "2619"]
[WhiteTeam "Schach ohne Grenzen"]
[BlackTeam "Asnieres Le Grand Echiquier"]
[WhiteFideId "12906727"]
[BlackFideId "310204"]
[EventDate "2022.10.03"]

1. d4 Nf6 2. Nf3 d5 3. g3 c6 4. Bg2 Bf5 5. c4 e6 6. Nc3 h6 7. Qb3 Qb6 8. c5 Qc7
9. Bf4 Qc8 10. O-O Be7 11. Qd1 O-O 12. b4 Ne4 13. Qb3 Nd7 14. a4 g5 15. Be3 Bf6
16. Rfd1 Bg7 17. Rac1 Bg6 18. Ne1 Nxc3 19. Qxc3 Qc7 20. Bh3 f5 21. f4 Nf6 22.
Bg2 Ne4 23. Qb2 h5 24. Nd3 h4 25. Bxe4 fxe4 26. Ne5 Bf5 27. Kf2 Bxe5 28. dxe5
Qh7 29. Rg1 Rf7 30. Qd4 Bg4 31. Rcf1 hxg3+ 32. hxg3 Qh2+ 33. Rg2 Qh3 34. Rfg1
Rh7 35. Ke1 a5 36. b5 cxb5 37. axb5 a4 38. Kd2 a3 39. Rf2 a2 40. fxg5 Qh1 41.
Rff1 Qh2 42. Bf2 Qh5 43. c6 bxc6 44. bxc6 Bxe2 45. g6 Rc7 46. g4 Bxf1 47. gxh5
a1=Q 48. Qxa1 Rxa1 49. h6 Ra2+ 50. Ke1 Rxc6 51. Kxf1 Rc1+ 52. Be1 e3 0-1

[Event "37th ECC Open 2022"]
[Site "Mayrhofen AUT"]
[Date "2022.10.04"]
[Round "2.3"]
[Board "5"]
[White "Cornette, Matthieu"]
[Black "Hess, Max"]
[Result "1-0"]
[WhiteTitle "GM"]
[BlackTitle "FM"]
[WhiteElo "2572"]
[BlackElo "2361"]
[WhiteTeam "Asnieres Le Grand Echiquier"]
[BlackTeam "Schach ohne Grenzen"]
[WhiteFideId "620084"]
[BlackFideId "24656666"]
[EventDate "2022.10.03"]

1. e4 c6 2. Nf3 d5 3. Nc3 dxe4 4. Nxe4 Nf6 5. Qe2 Nxe4 6. Qxe4 Nd7 7. Bc4 Nf6 8.
Ne5 e6 9. Qf4 b5 10. Be2 Bd6 11. d4 O-O 12. Qg3 Qc7 13. Bh6 Ne8 14. Bf4 Nf6 15.
Nd3 Bxf4 16. Qxf4 Qxf4 17. Nxf4 Rd8 18. O-O-O g5 19. Nh3 h6 20. f4 g4 21. Nf2 h5
22. Rhe1 a5 23. Bf1 Ba6 24. c3 Kg7 25. g3 Rh8 26. Bd3 b4 27. c4 Rhd8 28. Bf1 Nd7
29. b3 Bb7 30. Bg2 a4 31. Kb2 Nf6 32. Nd3 Rxd4 33. Nxb4 Rad8 34. Rxd4 Rxd4 35.
Kc3 Rd6 36. Nd3 axb3 37. axb3 Rd8 38. Nc5 Bc8 39. Bxc6 h4 40. b4 hxg3 41. hxg3
Nh5 42. Rg1 1-0

[Event "37th ECC Open 2022"]
[Site "Mayrhofen AUT"]
[Date "2022.10.04"]
[Round "2.3"]
[Board "6"]
[White "Kruckenhauser, Arthur"]
[Black "Terekhov, Andrey"]
[Result "1-0"]
[WhiteTitle "FM"]
[BlackTitle "FM"]
[WhiteElo "2327"]
[BlackElo "2308"]
[WhiteTeam "Schach ohne Grenzen"]
[BlackTeam "Asnieres Le Grand Echiquier"]
[WhiteFideId "1642812"]
[BlackFideId "4121481"]
[EventDate "2022.10.03"]

1. e4 c5 2. Nf3 e6 3. g3 Nc6 4. Bg2 Nf6 5. Qe2 e5 6. O-O Be7 7. c3 O-O 8. Na3
Re8 9. Nc2 Bf8 10. d3 d5 11. Bg5 d4 12. cxd4 cxd4 13. Nd2 h6 14. Bxf6 Qxf6 15.
f4 exf4 16. gxf4 Qd8 17. Kh1 f5 18. Qh5 Ne7 19. Nb3 g6 20. Qf3 Bg7 21. Qf2 fxe4
22. dxe4 Nc6 23. Rad1 Bg4 24. Rd2 d3 25. Qg3 Qc8 26. Qxd3 Bxb2 27. Qg3 Bg7 28.
Ne3 Bh5 29. Bh3 Qb8 30. Nc5 Nd4 31. e5 Qc7 32. Ne4 Rad8 33. Nd6 Rxd6 34. exd6
Qxd6 35. Bg2 b6 36. Nc2 Re2 37. Qd3 Rxd2 38. Qxd2 Nf5 39. Qxd6 Nxd6 40. Bf3
Bxf3+ 41. Rxf3 Kf7 42. Nb4 Ke6 43. Re3+ Kd7 44. Nd5 Nf5 45. Ra3 Kc6 46. Ne3 Bb2
47. Rb3 Nxe3 48. Rxb2 Nd5 49. Rf2 b5 50. Kg2 b4 51. Kf3 Nc3 52. Rg2 Kc5 53. Rxg6
Nxa2 54. f5 b3 55. Rg2 a5 56. f6 Kd6 57. Re2 1-0